000
00285nam a22001097a 4500
008
170110b xxu||||| |||| 00| 0 eng d
020
_a
9780309052986
041
_a
eng
080
_a
618.2
245
_a
NURSING, HEALTH & ENVIRONMENT
_c
POPE, A.M & SNYDER, M.A & MOOD, L.H
942
_2
udc
_c
BK
999
_c
2617
_d
2617